[Event "FIN-chT 9697"]
[Site "FIN"]
[Date "1996.??.??"]
[Round "5.2"]
[White "Pulkkinen, Kari"]
[Black "Tolonen, Leo Toivovich"]
[Result "1/2-1/2"]
[WhiteElo "2345"]
[BlackElo "2335"]

1.e4 d5 2.Nc3 e6 3.d4 Bb4 4.e5 b6 5.a3 Bf8 6.Bb5+ c6 7.Ba4 Ba6 8.Nf3 Qd7
9.Ne2 Bb5 10.Bb3 c5 11.c3 Nc6 12.O-O Nge7 13.Re1 Bxe2 14.Rxe2 c4 15.Bc2 h6
16.Ne1 g6 17.f4 Bg7 18.g3 O-O-O 19.Ng2 Kb7 20.Rf2 h5 21.Qf3 Nf5 22.Be3 Bf8
23.Rd2 Be7 24.Bf2 Na5 25.h3 Rh7 26.Kh2 Nb3 27.Bxb3 cxb3 28.c4 Qa4 29.cxd5 Rxd5
30.Kg1 Kb8 31.Rad1 Rd8 32.d5 exd5 33.Rxd5 Rhh8 34.g4 Rxd5 35.Rxd5 hxg4 36.hxg4 Nh6
37.Rd4 Qe8 38.Rd3 Qc8 39.Ne3 Bc5 40.f5 gxf5 41.e6 f4 42.Qxf4+ Qc7 43.Qxc7+ Kxc7
44.Nd5+ Kc6 45.Bxc5 Kxc5 46.e7 Kc4 47.Re3 Nxg4 48.e8=Q Rxe8 49.Rxe8 Kxd5
50.Kf1 Ne5 51.Ke2 Nc4 52.Kd3 Nxb2+ 53.Kc3 Nc4 54.Kxb3 f5 55.Rf8 Nd6 56.Ra8 a5
57.Rb8 Kc5 58.Rf8 b5 59.a4  1/2-1/2

[Event "FIN-chT 9596"]
[Site "FIN"]
[Date "1996.??.??"]
[Round "7"]
[White "Raaste, Eero J"]
[Black "Tolonen, Leo Toivovich"]
[Result "0-1"]
[WhiteElo "2355"]
[BlackElo "2335"]

1.e4 e6 2.d4 d5 3.Nc3 Bb4 4.e5 b6 5.a3 Bf8 6.Bb5+ c6 7.Ba4 Ba6 8.Nce2 Bb5
9.Bxb5 cxb5 10.Nf4 Nc6 11.c3 Qd7 12.Nh5 g6 13.Nf6+ Nxf6 14.exf6 O-O-O 15.Bf4 Bd6
16.Bxd6 Qxd6 17.Nf3 Kb7 18.Qe2 a6 19.Ne5 Nxe5 20.dxe5 Qc6 21.O-O Qc4 22.Qf3 Qb3
23.Rab1 Rc8 24.Qd1 Qxd1 25.Rbxd1 Rc4 26.Rd4 Rxd4 27.cxd4 Rc8 28.g4 Rc2 29.f4 Kc6
30.f5 gxf5 31.gxf5 Kd7 32.fxe6+ Kxe6 33.Rf2 Rc1+ 34.Rf1 Rc4 35.Rf4 b4 36.axb4 Rxb4
37.Rh4 h6 38.Kf2 a5 39.Ke3 Rxb2 40.Rxh6 a4 41.Rh8 a3 42.Ra8 Rxh2 43.Ra6 Rh3+
44.Kd2 Kf5 45.Kc2 b5 46.Rb6 Ke4 47.Rxb5 Kxd4 48.Rb7 Kxe5 49.Rxf7 Rf3  0-1

[Event "FRA-ch"]
[Site "France"]
[Date "1996.??.??"]
[Round "5"]
[White "Chomet, Pascal"]
[Black "Apicella, Manuel"]
[Result "1-0"]
[WhiteElo "2385"]
[BlackElo "2560"]

1.e4 e6 2.d4 d5 3.Nc3 Bb4 4.e5 Ne7 5.Bd2 b6 6.Qg4 Ng6 7.h4 h5 8.Qg3 Ba6 9.Bxa6 Nxa6
10.O-O-O Bxc3 11.Bxc3 c5 12.Nf3 c4 13.Ng5 Ne7 14.Qf4 Nf5 15.f3 Qe7 16.Be1 b5
17.g4 Nh6 18.Rg1 b4 19.gxh5 Rc8 20.Nh3 Nf5 21.Rg5 Qd7 22.Kb1 c3 23.b3 Nc7
24.Bf2 Nb5 25.Qg4 Na3+ 26.Kc1 Qb5 27.Nf4 Qa6 28.Rxf5 exf5 29.Qxg7 Rf8 30.e6 Nc4
31.a4 bxa3 32.Ng6 Qd6 33.e7 Qxe7 34.Re1 Qxe1+ 35.Bxe1 fxg6 36.bxc4 Rc6 37.Bxc3 a2
38.Qe5+ Kf7 39.Qxd5+ Re6 40.hxg6+ Kf6 41.Qa5  1-0

[Event "FRA-ch"]
[Site "France"]
[Date "1996.??.??"]
[Round "9"]
[White "Santo Roman, Marc"]
[Black "Adrian, Claude"]
[Result "0-1"]
[WhiteElo "2385"]
[BlackElo "2330"]

1.e4 e6 2.d4 d5 3.Nc3 Bb4 4.e5 Ne7 5.a3 Bxc3+ 6.bxc3 c5 7.h4 Qc7 8.Nf3 b6
9.Bb5+ Bd7 10.Bd3 Ba4 11.h5 h6 12.Bd2 Nbc6 13.Rh4 c4 14.Bf1 O-O-O 15.Rf4 Rdf8
16.g3 Nd8 17.Bh3 Kb7 18.Rg4 g5 19.hxg6 fxg6 20.Rf4 Rxf4 21.Bxf4 g5 22.Bd2 Ng6
23.Be3 Qe7 24.Qd2 Nf7 25.Kd1 Nd8 26.Nh2 Qf7 27.Kc1 Ne7 28.Bg2 Qh5 29.Nf3 Rf8
30.Qe2 Nf5 31.Kb2 Nc6 32.Rh1 Qg6 33.Bc1 b5 34.g4 Nfe7 35.Be3 a5 36.Qd2 Kc7
37.Nh2 Rb8 38.Ra1 Nc8 39.Kc1 Nb6 40.Ra2 Rf8 41.Nf1 h5 42.gxh5 Qxh5 43.Bxg5 b4
44.axb4 axb4 45.cxb4 c3 46.Qe3 Nc4 47.Qg3 Qe2 48.f4 Nxb4  0-1

[Event "Frydek-Mistek op"]
[Site "Frydek-Mistek"]
[Date "1996.??.??"]
[Round "5"]
[White "Pinkas, Karol"]
[Black "Kislov, Mikhail"]
[Result "1-0"]
[WhiteElo "2375"]
[BlackElo "2415"]

1.e4 e6 2.d4 d5 3.Nc3 Bb4 4.e5 Ne7 5.Bd2 c5 6.dxc5 Nd7 7.Qg4 Bxc5 8.Na4 Nf5
9.Nxc5 Nxc5 10.Nf3 Qb6 11.Qb4 Bd7 12.Qxb6 axb6 13.Bb4 Bc6 14.Be2 h5 15.O-O f6
16.b3 Kf7 17.a4 Ne4 18.Rad1 Rac8 19.Rfe1 h4 20.h3 Rhd8 21.Bd3 Be8 22.c4 Bc6
23.Rc1 Re8 24.Ba3 Rcd8 25.Bc2 Ng5 26.Nxg5+ fxg5 27.cxd5 Rxd5 28.Bd1 Rd3 29.Bb2 Nd4
30.b4 b5 31.axb5 Nxb5 32.Rc4 Red8 33.Bh5+ g6 34.Be2 Rb3 35.Bc1 Rb1 36.Rc5 Nd4
37.Bf1 Nb3 38.Rc4 Rd5 39.f4 Nxc1 40.fxg5 Ne2+ 41.Rxe2 Bb5 42.Rf2+ Ke8 43.Rxh4 Rxe5
44.Rhf4 Rxg5 45.g4 Re5 46.Kg2 Bc6+ 47.Kh2 g5 48.Rf8+  1-0

[Event "Troll Masters"]
[Site "Gausdal"]
[Date "1996.??.??"]
[Round "4"]
[White "Coleman, David"]
[Black "Tjomsland, Stig"]
[Result "1-0"]
[WhiteElo "2255"]
[BlackElo "2210"]

1.e4 e6 2.d4 d5 3.Nc3 Bb4 4.e5 b6 5.a3 Bf8 6.Bb5+ c6 7.Ba4 a5 8.Nce2 Ne7
9.c3 Bd7 10.Nf3 c5 11.Bc2 Nec6 12.O-O b5 13.dxc5 Bxc5 14.Ned4 Nxd4 15.Nxd4 Bxd4
16.Qxd4 f5 17.exf6 Qxf6 18.Qd3 g6 19.Bh6 Nc6 20.f4 Kf7 21.Rae1 Rhe8 22.Re3 Kg8
23.Rg3 Qf7 24.Bg5 Rec8 25.h4 Be8 26.h5 Ra7 27.hxg6 hxg6 28.Rh3 Qf8 29.Rff3 Rcc7
30.Rh6 Qc5+ 31.Kh2 Rh7 32.Rfh3 Rxh6 33.Rxh6 Rh7 34.Rxh7 Kxh7 35.Qh3+ Kg8
36.Bf6 Kf7 37.Qh8 e5 38.fxe5 Qc4 39.Bxg6+ Kxg6 40.Qxe8+ Kf5 41.Qh5+  1-0

[Event "Troll Masters"]
[Site "Gausdal"]
[Date "1996.??.??"]
[Round "6"]
[White "Jacobs, Byron A"]
[Black "Fant, Goran"]
[Result "1-0"]
[WhiteElo "2290"]
[BlackElo "2090"]

1.e4 e6 2.d4 d5 3.Nc3 Bb4 4.e5 Qd7 5.Bd2 b6 6.Bb5 c6 7.Ba4 a5 8.a3 Bf8 9.Nf3 Ba6
10.Ne2 h6 11.O-O Bc4 12.c3 Qa7 13.Re1 Ne7 14.Nf4 Nd7 15.Rc1 g6 16.h4 Bg7
17.Be3 Qa6 18.b3 Bb5 19.Bxb5 cxb5 20.c4 bxc4 21.bxc4 dxc4 22.d5 b5 23.dxe6 fxe6
24.Qc2 Kf7 25.Rcd1 Nxe5 26.Nxe5+ Bxe5 27.Qe4 Bxf4 28.Qxf4+ Ke8 29.Rd6 Qc8
30.Qe5 Kf7 31.Bd4 Rg8 32.Rxe6  1-0

[Event "Geneve op"]
[Site "Geneve"]
[Date "1996.??.??"]
[Round "4"]
[White "Kraft, Volker"]
[Black "Sudan, Georges"]
[Result "1-0"]
[WhiteElo "2250"]
[BlackElo "2045"]

1.e4 e6 2.d4 d5 3.Nc3 Bb4 4.e5 Ne7 5.a3 Bxc3+ 6.bxc3 c5 7.a4 Qa5 8.Qd2 Nbc6
9.Nf3 Bd7 10.Bd3 c4 11.Be2 f6 12.O-O O-O-O 13.Ba3 Rde8 14.Rfe1 fxe5 15.dxe5 Kb8
16.Bxc4 dxc4 17.Qxd7 Qxc3 18.Qxe6 Nc8 19.Qf5 Nb4 20.Bxb4 Qxb4 21.e6 Re7 22.Ne5 Ka8
23.Nf3 g6 24.Qe5 Rhe8 25.Nd4 Qc3 26.Rad1 a6 27.Qc5 Rd8 28.Re3 Qb2 29.Qxc4 Nb6
30.Qc5 Nd5 31.Rb3 Qa2 32.Nc6 bxc6 33.Qxc6+ Ka7 34.Rdb1 Qxb1+ 35.Rxb1 Rc7
36.e7 Rxe7 37.Qc5+ Ka8 38.c4 Rc7 39.Qa5 Rd6 40.cxd5 Rcd7  1-0

[Event "BL2-S9596"]
[Site "Germany"]
[Date "1996.??.??"]
[Round "?"]
[White "Zuse, Klaus Peter"]
[Black "Beikert, Guenther"]
[Result "1/2-1/2"]
[WhiteElo "2335"]
[BlackElo "2455"]

1.e4 e6 2.d4 d5 3.Nc3 Bb4 4.e5 Qd7 5.h4 b6 6.h5 h6 7.Rh3 Ba6 8.Bxa6 Nxa6
9.Qd3 Nb8 10.Rg3 Bf8 11.Be3 Nc6 12.O-O-O O-O-O 13.f4 Kb7 14.Rf3 f5 15.exf6 Nxf6
16.Rh3 Qe8 17.Qe2 g6 18.hxg6 Qxg6  1/2-1/2

[Event "BL2-O9596"]
[Site "Germany"]
[Date "1996.??.??"]
[Round "?"]
[White "Nothnagel, Holger"]
[Black "Cordes, Hans Joerg"]
[Result "1/2-1/2"]
[WhiteElo "2310"]
[BlackElo "2300"]

1.e4 e6 2.d4 d5 3.Nc3 Bb4 4.e5 Qd7 5.a3 Bxc3+ 6.bxc3 b6 7.Nh3 Ba6 8.Bxa6 Nxa6
9.Nf4 g6 10.a4 Nb8 11.O-O Nc6 12.Ba3 Na5 13.Bb4 Nc4 14.a5 Ne7 15.Nd3 Nc6
16.a6 O-O-O  1/2-1/2

[Event "Oberliga Nord N9697"]
[Site "Germany"]
[Date "1996.??.??"]
[Round "?"]
[White "Kittler, Thorsten"]
[Black "Krause, Ullrich"]
[Result "1/2-1/2"]
[WhiteElo "2225"]
[BlackElo "2270"]

1.e4 e6 2.d4 d5 3.Nc3 Bb4 4.e5 Qd7 5.a3 Bxc3+ 6.bxc3 b6 7.f4 Ba6 8.Bxa6 Nxa6
9.a4 Nb8 10.Ne2 Nc6 11.Qd3 Na5 12.O-O g6 13.g4 f5 14.exf6 Nxf6 15.h3 Ne4
16.Ng3 Nxg3 17.Qxg3 O-O-O 18.Qd3 Nc4 19.a5 b5 20.Ba3 a6 21.Bb4 Qf7 22.Rae1 Rhe8
23.Rf2 h5 24.g5 Qf5 25.Kg2 Qxd3 26.cxd3 Nd6 27.Rfe2  1/2-1/2

[Event "Landesliga S9596 Bayern"]
[Site "Germany"]
[Date "1996.??.??"]
[Round "?"]
[White "Eichler, Christoph"]
[Black "Schneider, Richard"]
[Result "1/2-1/2"]
[WhiteElo "2080"]
[BlackElo "2215"]

1.e4 e6 2.d4 d5 3.Nc3 Bb4 4.e5 Qd7 5.Qg4 f5 6.Qh5+ g6 7.Qh3 b6 8.Bg5 h6 9.Bd2 Qg7
10.a3 Bf8 11.Qg3 Nc6 12.Bb5 Ne7 13.Nce2 Bb7 14.h4 O-O-O 15.a4 Rg8 16.Nh3 Kb8
17.a5 a6 18.Bd3 b5 19.c3 Na7 20.b4 Nec6 21.f4 Be7 22.Qf2 Rdf8 23.g3 Nd8 24.Neg1 Nf7  1/2-1/2

[Event "Landesliga Sued 9697 Bayern"]
[Site "Germany"]
[Date "1996.??.??"]
[Round "?"]
[White "Fugger, Michael"]
[Black "Turcan, Milan"]
[Result "0-1"]
[WhiteElo "1835"]
[BlackElo "2095"]

1.e4 e6 2.d4 d5 3.Nc3 Bb4 4.e5 b6 5.Bd2 Nc6 6.Nf3 Qd7 7.a3 Bf8 8.Bd3 Bb7
9.h4 Nge7 10.g4 O-O-O 11.Rg1 f6 12.Ne2 Kb8 13.h5 fxe5 14.Nxe5 Nxe5 15.dxe5 c5
16.Ng3 Qc7 17.f4 c4 18.Be2 d4 19.Bb4 Nd5 20.Bd2 c3 21.Bc1 cxb2 22.Bxb2 Ne3
23.Qd3 Nxc2+ 24.Kf2 Nxa1 25.Rxa1 Bc5 26.Bf3 Bxf3 27.Kxf3 Rhf8 28.Re1 Qf7
29.f5 exf5 30.gxf5 Qd5+ 31.Kg4 Rde8 32.e6 g6 33.hxg6 hxg6 34.fxg6 Rxe6 35.Rxe6 Qxe6+
36.Kg5 Qe5+  0-1

[Event "Landesliga Sued 9697 Bayern"]
[Site "Germany"]
[Date "1996.??.??"]
[Round "?"]
[White "Wilke, Martin"]
[Black "Rohrmueller, Ulrich"]
[Result "1-0"]
[WhiteElo "2110"]
[BlackElo "2185"]

1.e4 e6 2.d4 d5 3.Nc3 Bb4 4.e5 Qd7 5.Bd2 b6 6.f4 Ba6 7.Bxa6 Nxa6 8.Qe2 Nb8
9.Nf3 Bxc3 10.Bxc3 Ne7 11.b3 h5 12.Bb2 Nf5 13.O-O Nc6 14.Rfd1 O-O 15.Ng5 g6
16.Rac1 b5 17.c4 bxc4 18.bxc4 Na5 19.cxd5 exd5 20.Ba3 Rfb8 21.e6 fxe6 22.Qxe6+ Qxe6
23.Nxe6 Ne3 24.Rd3 Nac4 25.Nxc7 Rc8 26.Nxa8 Rxa8 27.Bc5 Re8 28.Re1 Re6 29.h3  1-0

[Event "BL2-N9697"]
[Site "Germany"]
[Date "1996.??.??"]
[Round "?.3"]
[White "Berndt, Stephan"]
[Black "Lang, Jens"]
[Result "0-1"]
[WhiteElo "2370"]
[BlackElo "2330"]

1.e4 e6 2.d4 d5 3.Nc3 Bb4 4.e5 Ne7 5.a3 Bxc3+ 6.bxc3 c5 7.Nf3 Nbc6 8.a4 Qa5
9.Bd2 O-O 10.Bd3 f6 11.exf6 Rxf6 12.c4 Qc7 13.dxc5 Ne5 14.Nxe5 Qxe5+ 15.Be2 Bd7
16.O-O d4 17.c3 Bc6 18.cxd4 Qe4 19.Bf3 Qxd4 20.Bxc6 Nxc6 21.Be3 Qxc4 22.Rc1 Qd5
23.Rb1 Rf7 24.Qe2 Qe4 25.Qa2 Rd8 26.Rfe1 Qd5 27.Qc2 e5 28.Bg5 Rdd7 29.Bh4 Nd4
30.Qc3 Rc7 31.Rbc1 b6 32.Qg3 Rxc5 33.Rxc5 Ne2+  0-1

[Event "BL2-O9596"]
[Site "Germany"]
[Date "1996.??.??"]
[Round "?"]
[White "Schoeneberg, Manfred"]
[Black "Casper, Thomas"]
[Result "1/2-1/2"]
[WhiteElo "2355"]
[BlackElo "2435"]

1.e4 e6 2.d4 d5 3.Nc3 Bb4 4.e5 Ne7 5.a3 Bxc3+ 6.bxc3 c5 7.a4 Qc7 8.Nf3 h6
9.Bd3 b6 10.a5 Ba6 11.Bxa6 Nxa6 12.axb6 axb6 13.Qe2 c4 14.O-O O-O 15.Ba3 Qd7
16.Rfb1 Nc7 17.Qe1 Rfb8 18.Bd6 Nc8 19.Bxc7  1/2-1/2

[Event "BL2-O9596"]
[Site "Germany"]
[Date "1996.??.??"]
[Round "?"]
[White "Naumann, Alexander"]
[Black "Spiess, Gunter"]
[Result "1/2-1/2"]
[WhiteElo "2335"]
[BlackElo "2415"]

1.e4 e6 2.d4 d5 3.Nc3 Bb4 4.e5 Ne7 5.a3 Bxc3+ 6.bxc3 c5 7.Qg4 O-O 8.Bd3 f5
9.exf6 Rxf6 10.Bg5 Rf7 11.Qh4 h6 12.Nf3 Nbc6 13.Bg6 Nxg6 14.Bxd8 Nxh4 15.Bxh4 c4
16.Bg3  1/2-1/2

[Event "Oberliga Nord O9596"]
[Site "Germany"]
[Date "1996.??.??"]
[Round "?"]
[White "Fuchs, Reinhart"]
[Black "Lang, Jens"]
[Result "1/2-1/2"]
[WhiteElo "2430"]
[BlackElo "2330"]

1.e4 e6 2.d4 d5 3.Nc3 Bb4 4.e5 Ne7 5.Bd2 c5 6.Nb5 Bxd2+ 7.Qxd2 O-O 8.f4 Qb6
9.dxc5 Qxc5 10.Nf3 Bd7 11.Nbd4 Nbc6 12.c3 Nxd4 13.Nxd4 Nc6 14.O-O-O b5 15.Kb1 a5
16.Nxc6 Bxc6 17.Qd4 Qe7 18.Rc1 Rab8 19.Be2 f6 20.exf6 Qxf6 21.g3 Be8 22.Bd3 Bg6
23.Bxg6 Qxg6+ 24.Ka1 b4 25.c4 Qf6 26.Qxf6 gxf6 27.cxd5 exd5 28.Rhd1 Rfd8
29.Kb1 d4 30.Kc2 b3+ 31.axb3 Rb4 32.Rd3 Rc8+ 33.Kd1 Rcb8 34.Rc5 Rxb3 35.Rxb3 Rxb3
36.Kc2 a4 37.Rd5 Rb4 38.Rd7 Rc4+ 39.Kd3 Rb4 40.Rxd4 Rxb2 41.Rxa4 Rxh2 42.Ke4 Kg7
43.Kf5 Rh5+ 44.Ke6 Rb5 45.Ra7+ Kg6 46.g4 f5 47.gxf5+ Rxf5  1/2-1/2

[Event "BL2-N9596"]
[Site "Germany"]
[Date "1996.??.??"]
[Round "?"]
[White "Rudolf, Henrik"]
[Black "Bornemann, Wolfram"]
[Result "1-0"]
[WhiteElo "2280"]
[BlackElo "2260"]

1.e4 e6 2.d4 d5 3.Nc3 Bb4 4.e5 b6 5.Bd2 Qd7 6.Bb5 c6 7.Ba4 a5 8.a3 Bf8 9.Nf3 Ba6
10.Ne2 Bc4 11.c3 b5 12.Bc2 a4 13.Nf4 h6 14.Be3 g6 15.h4 Ne7 16.g4 Na6 17.Nd2 Bg7
18.h5 g5 19.Nh3 c5 20.f4 gxf4 21.Nxf4 cxd4 22.cxd4 Nc6 23.Qf3 Nc7 24.Nd3 Na6
25.O-O Rg8 26.Rad1 Ra7 27.Nxc4 bxc4 28.Nf2 Nc7 29.Kh1 Nb5 30.g5 hxg5 31.Ng4 Rh8
32.Kg2 Qe7 33.Rh1 Bh6 34.Nf6+ Kd8 35.Nxd5 exd5 36.Qxd5+ Qd7 37.Qxb5 Qg4+
38.Kf2 Qe6 39.d5 Qxe5 40.dxc6+ Kc8  1-0

[Event "BL2-N9596"]
[Site "Germany"]
[Date "1996.??.??"]
[Round "?"]
[White "Berndt, Stephan"]
[Black "Tyrtania, Maximilian"]
[Result "1-0"]
[WhiteElo "2350"]
[BlackElo "2250"]

1.e4 e6 2.d4 d5 3.Nc3 Bb4 4.e5 b6 5.a3 Bf8 6.f4 Nh6 7.Nf3 c5 8.Ne2 Be7 9.g3 Nc6
10.c3 Nf5 11.b4 cxd4 12.Nexd4 Ncxd4 13.Nxd4 Nxd4 14.cxd4 O-O 15.Bd3 a5 16.b5 f6
17.Qc2 h6 18.O-O fxe5 19.fxe5 Rxf1+ 20.Bxf1 Qe8 21.Bd3 Bd7 22.Qe2 Qf7 23.Bd2 Rf8
24.Kg2 Be8 25.h4 Bd7 26.Be3 Kh8 27.Qg4 h5 28.Qe2 a4 29.Ra2 Rc8 30.Qe1 g6
31.Rf2 Qg7 32.Bg5 Bxg5 33.hxg5 Be8 34.Qb4 Bf7 35.Rf6 Kg8 36.Qxa4 Rc3 37.Qa8+ Kh7
38.Rf3 Bg8 39.Qe8 Rc1 40.Rf6  1-0

[Event "BL2-N9596"]
[Site "Germany"]
[Date "1996.??.??"]
[Round "?"]
[White "Cladouras, Panagiotis"]
[Black "Stolz, Mike"]
[Result "1/2-1/2"]
[WhiteElo "2385"]
[BlackElo "2280"]

1.e4 e6 2.d4 d5 3.Nc3 Bb4 4.e5 b6 5.Qg4 Bf8 6.Bg5 Qd7 7.a4 Nc6 8.Nf3 Bb7
9.h4 h6 10.Bd2 O-O-O 11.h5 Kb8 12.Qf4 g5 13.hxg6 fxg6 14.Bd3 Nb4 15.Bxg6 Qg7
16.Bd3 Nxd3+ 17.cxd3 Qxg2 18.Ke2 Qg6 19.Rag1 Qe8 20.Qg4 Bc8 21.Qh5 Ne7 22.Qxe8 Rxe8
23.Bg5 Rg8 24.Bxe7 Rxg1 25.Nxg1 Rxe7 26.Nd1 Rf7 27.Nf3 c5 28.Ne3 Ba6 29.Rh3 Rf4
30.Ng2 Rf7 31.Ne3 Rf4 32.Ng2 Rf7 33.Ne3 Rf4  1/2-1/2

[Event "BL2-N9596"]
[Site "Germany"]
[Date "1996.??.??"]
[Round "?"]
[White "Lampe, Dirk"]
[Black "Bornemann, Wolfram"]
[Result "0-1"]
[WhiteElo "2295"]
[BlackElo "2260"]

1.e4 e6 2.d4 d5 3.Nc3 Bb4 4.e5 b6 5.Bd2 Ne7 6.Nf3 Qd7 7.Bb5 c6 8.Ba4 a5 9.a3 Bxc3
10.Bxc3 Ba6 11.Bd2 Bb5 12.Bxb5 cxb5 13.O-O Nbc6 14.Re1 h6 15.Re3 Nf5 16.Rd3 Qe7
17.Be3 O-O 18.Qd2 a4 19.g4 Nxe3 20.Qxe3 Na5 21.c3 Nc4 22.Qe2 Rae8 23.Kh1 f6
24.Nh4 Rf7 25.Ng6 Qd8 26.h4 fxe5 27.dxe5 Kh7 28.h5 Qa8 29.Rd4 Na5 30.Qxb5 Rxf2
31.Kg1 Rf3 32.Rf1 Rxf1+ 33.Qxf1 Nb3 34.Rf4 Nd2 35.Qb5 Ne4 36.Rf7 Ng5 37.Ra7 Qc8
38.Qxb6 Qc4 39.Qc7 Qxg4+ 40.Kf2 Ne4+ 41.Ke3  0-1

[Event "Oberliga Ost A9596"]
[Site "Germany"]
[Date "1996.??.??"]
[Round "?"]
[White "Niering, Martin"]
[Black "Rausch, Stephan"]
[Result "0-1"]
[WhiteElo "2215"]
[BlackElo "2295"]

1.e4 e6 2.d4 d5 3.Nc3 Bb4 4.e5 Ne7 5.Bd2 c5 6.Nb5 Bxd2+ 7.Qxd2 O-O 8.dxc5 a6
9.Nd6 Nd7 10.f4 Nxc5 11.O-O-O Bd7 12.Nf3 Nc8 13.Nxc8 Rxc8 14.Kb1 Qb6 15.Qd4 Rc6
16.Bd3 Rfc8 17.c3 Qa5 18.Bc2 Rb6 19.Ka1 Ba4 20.Bxa4 Nxa4 21.Rb1 Rc4 22.Qd2 Rb3
23.Nd4 Nc5 24.Rbc1 Ra4 25.a3 Raxa3+ 26.bxa3 Rxa3+ 27.Kb1 Ra1+ 28.Kc2 Qa4+  0-1

[Event "Landesliga Nord 9697 Bayern"]
[Site "Germany"]
[Date "1996.??.??"]
[Round "?"]
[White "Graef, Steffen"]
[Black "Willim, Michael"]
[Result "1-0"]
[WhiteElo "2025"]
[BlackElo "2005"]

1.d4 e6 2.e4 d5 3.Nc3 Bb4 4.e5 Qd7 5.Qg4 f5 6.Qh5+ Qf7 7.Qxf7+ Kxf7 8.Bd2 Bxc3
9.Bxc3 b6 10.Nf3 h6 11.a4 Ba6 12.a5 Bxf1 13.axb6 cxb6 14.Rxf1 Nc6 15.Kd2 Nge7
16.Ra6 Nb8 17.Ra2 Nbc6 18.Rfa1 Nc8 19.Ne1 Rb8 20.Ra6 Rb7 21.Nd3 g5 22.Nb4 Nxb4
23.Bxb4 Rd8 24.Kd3 Rbd7 25.Bd2 Rc7 26.b3 Rdd7 27.Bb4 Rc6 28.f3 Rdc7 29.Rc1 Kg6
30.c4 Kf7 31.c5 b5 32.Rca1 Ke8 33.Kc3 Rxa6 34.Rxa6 Kd7 35.Ba5 Rc6 36.Rxc6 Kxc6
37.Bd8 g4 38.Kb4 a6 39.fxg4 fxg4 40.Ka5 Kb7 41.c6+ Kxc6 42.Kxa6 h5 43.h3 Kd7
44.hxg4 hxg4 45.Bb6 Ne7 46.Kxb5 Nf5 47.Ka6 Ne3 48.Ba5 Nxg2 49.Bd2 Nh4 50.Be3 Nf3
51.b4 Kc7 52.Ka7 Kc6 53.Ka6 Kc7 54.b5 Kb8 55.Kb6 g3 56.Kc6 g2 57.Kd7 Ng5
58.Ke7 Kc7 59.Kf6 Ne4+ 60.Kxe6 Nc3 61.b6+ Kxb6 62.Kd7 Ne4 63.e6 Nf6+ 64.Kd8 Kb5
65.e7 Kc4 66.e8=Q Nxe8 67.Kxe8 Kd3 68.Bg1 Ke2 69.Kd7 Kf1 70.Bh2 Ke2 71.Kd6 Kd3
72.Kxd5  1-0

[Event "Landesliga Sued 9697 Bayern"]
[Site "Germany"]
[Date "1996.??.??"]
[Round "?"]
[White "Velicka, Petr"]
[Black "Reilein, Christian"]
[Result "1-0"]
[WhiteElo "2390"]
[BlackElo "2295"]

1.e4 e6 2.d4 d5 3.Nc3 Bb4 4.e5 Ne7 5.a3 Bxc3+ 6.bxc3 c5 7.a4 Nbc6 8.Nf3 Bd7
9.Bd3 Qa5 10.Qd2 f6 11.exf6 gxf6 12.O-O cxd4 13.cxd4 Qxd2 14.Bxd2 O-O-O 15.Rfe1 Rde8
16.a5 a6 17.Rac1 Kb8 18.h3 Ka8 19.Kh2 Rd8 20.c4 Ka7 21.Bf4 Rc8 22.Bd6 dxc4
23.Bc5+ Ka8 24.Bxc4 Nxa5 25.Bxa6 Nd5 26.Ra1 bxa6 27.Rxa5 Rc6 28.Nd2 Rb8 29.Nc4 Rb5
30.Ra3 e5 31.Rea1 exd4 32.Rxa6+ Rxa6 33.Rxa6+ Kb7 34.Ra7+ Kb8 35.Bxd4 Rb7
36.Ra5 Be6 37.Nd2 Rb4 38.Nf3 Kc8 39.Bc5 Rc4 40.Bd6 Kd7 41.Bg3 Ke7 42.Nd2 Rb4
43.Ra7+ Bd7 44.f3 f5 45.Bf2 Ke6 46.Bc5 Rb5 47.Ra6+ Kf7 48.Bd4 Rb4 49.Be5 Rb6
50.Ra7 Ke6 51.f4 Rb4 52.Nf3 Nxf4 53.Ra6+ Kf7 54.Ng5+ Ke8 55.Bd6 Bc8 56.Ra8  1-0

[Event "Bundesliga 9697"]
[Site "Germany"]
[Date "1996.??.??"]
[Round "?.3"]
[White "Nijboer, Friso"]
[Black "Mueller, Karsten"]
[Result "1-0"]
[WhiteElo "2525"]
[BlackElo "2490"]

1.e4 e6 2.d4 d5 3.Nc3 Bb4 4.e5 Qd7 5.Ne2 b6 6.Nf4 Ba6 7.Qg4 Bf8 8.Bxa6 Nxa6
9.Qe2 Nb4 10.O-O Ne7 11.Rd1 Nf5 12.g4 Ne7 13.Nh5 h6 14.Be3 O-O-O 15.f4 Ng8
16.a4 g6 17.Ng3 a6 18.Na2 Kb7 19.Nxb4 Bxb4 20.b3 f5 21.gxf5 exf5 22.c4 Ne7
23.Bd2 Nc6 24.Bxb4 Nxb4 25.a5 Ra8 26.Nf1 g5 27.Qd2 Nc6 28.axb6 cxb6 29.cxd5 Qxd5
30.Ne3 Qe4 31.Nc4 Qd5 32.Qg2 Ne7 33.Nd6+ Kc7 34.fxg5 Qxg2+ 35.Kxg2 hxg5 36.d5 Rhd8
37.Rac1+ Kb8 38.Rc4 Ra7 39.Rcd4 Ng6 40.Nc4 Re7 41.e6 Kb7 42.Re1 Rxd5 43.Rxd5 Nf4+
44.Kf3 Nxd5 45.Nd6+ Kc6 46.Nxf5 Rh7 47.Ke4 Nf6+ 48.Ke5 Ng4+ 49.Kd4 Nf6 50.Rc1+ Kb5
51.Rc4 a5 52.Ke5 Nd7+ 53.exd7 Rxd7 54.Nd6+ Ka6 55.Rc8 Ka7 56.Kd5 Rh7 57.Kc6 Rh6
58.Rg8 g4 59.Rg7+ Ka6 60.Rg8 Ka7 61.Rxg4 Rxh2 62.Rg7+ Ka6 63.Rg8 Rc2+ 64.Nc4 Ka7
65.Kb5 Rc3 66.Rg7+ Kb8 67.Nxb6 a4 68.Ka6  1-0

[Event "NRW-Liga I 9697"]
[Site "Germany"]
[Date "1996.??.??"]
[Round "1.5"]
[White "Brenke, Andreas"]
[Black "Mueller, Michael"]
[Result "0-1"]
[WhiteElo "2280"]
[BlackElo "2325"]

1.e4 e6 2.d4 d5 3.Nc3 Bb4 4.e5 b6 5.Qg4 Bf8 6.Nf3 Qd7 7.Bg5 h6 8.Bh4 Nc6
9.Bb5 Bb7 10.Qh3 Nge7 11.O-O Ng6 12.Ne2 Nxh4 13.Qxh4 Qe7 14.Qg4 O-O-O 15.Nf4 Kb8
16.Bxc6 Bxc6 17.c3 g6 18.h4 Qd7 19.Rfe1 Be7 20.g3 Bb5 21.Re3 Rdg8 22.Kg2 Qc8
23.a4 Bd7 24.Nd2 g5 25.hxg5 hxg5 26.Nd3 Qf8 27.Ree1 Qh6 28.Rh1 Qg6 29.Rxh8 Rxh8
30.Ne1 Bc8 31.a5 Qh6 32.Nef3 f5 33.exf6 e5  0-1

[Event "Gran Canaria op"]
[Site "Gran Canaria"]
[Date "1996.??.??"]
[Round "?"]
[White "Danailov, Silvio"]
[Black "Prakken, Gerrit"]
[Result "1/2-1/2"]
[WhiteElo "2455"]
[BlackElo "2260"]

1.e4 e6 2.d4 d5 3.Nc3 Bb4 4.e5 Ne7 5.a3 Bxc3+ 6.bxc3 c5 7.Nf3 Bd7 8.Bd3 Ba4
9.h4 h6 10.h5 c4 11.Be2 Kd7 12.Nh4 Qg8 13.Rb1 Kc7 14.Bg4 Nbc6 15.O-O Qh7
16.Rb2 b6 17.f4 Nf5 18.Nxf5 exf5 19.Bh3 Kb7 20.Qf3 Rad8 21.Rf2 Ka6 22.Re2 Rhe8
23.Bd2 Re6 24.Be1 Rd7 25.Bh4 g6 26.g4 Ne7 27.Bxe7 Rexe7 28.gxf5 gxf5 29.Rg2 Rd8
30.Rb4 Ka5 31.Kh2 Ree8 32.Rb1 Bc6 33.Rbg1 Rg8 34.Rg3 Ka6 35.Qg2 Rxg3 36.Qxg3 Bd7
37.Qg7 Qxg7 38.Rxg7 Be6 39.Rh7 Kb5 40.Rxh6 Ka4 41.Rf6 Rh8 42.h6 Kxa3 43.Kg3 Kb2
44.Bxf5 Bxf5 45.Rxf5 Rh7 46.Rxf7 Rxf7 47.e6 Rh7 48.f5 Kxc2 49.f6 Rxh6 50.e7 Rg6+
51.Kh4 Rxf6 52.e8=Q Rf4+ 53.Kg5 Re4 54.Qa4+ Kxc3 55.Qxa7 Kxd4 56.Qxb6+  1/2-1/2

[Event "Greenhills op"]
[Site "Greenhills"]
[Date "1996.??.??"]
[Round "2"]
[White "Mariano, Nelson"]
[Black "Toledo, Rodolfo"]
[Result "0-1"]
[WhiteElo "2510"]
[BlackElo "2270"]

1.e4 e6 2.d4 d5 3.Nc3 Bb4 4.e5 Qd7 5.Ne2 b6 6.a3 Bf8 7.Nf4 Ba6 8.Bxa6 Nxa6
9.O-O c5 10.Nce2 Ne7 11.dxc5 Nxc5 12.Ng3 Ng6 13.Re1 Nxf4 14.Bxf4 g6 15.Qf3 Rc8
16.Rad1 Qb5 17.Qc3 Rc6 18.Qd2 Qxb2 19.Bh6 Nd7 20.Bxf8 Kxf8 21.Qh6+ Ke7 22.Qh4+ Ke8
23.Qa4 Rc7 24.c4 Rxc4 25.Qxa7 Qc2 26.Ne4 Qa4 27.Nd6+ Ke7 28.Qxa4 Rxa4 29.Nb5 Rc8
30.Rd3 Re4  0-1

[Event "GER-ch U20 Girls"]
[Site "Halle"]
[Date "1996.??.??"]
[Round "2"]
[White "Heymann, Ulrike"]
[Black "Hausmann, Ilka"]
[Result "1/2-1/2"]
[WhiteElo "2125"]
[BlackElo "2100"]

1.e4 e6 2.d4 d5 3.Nc3 Bb4 4.e5 Ne7 5.a3 Bxc3+ 6.bxc3 c5 7.Qg4 O-O 8.Bd3 f5
9.exf6 Rxf6 10.Bg5 Rf7 11.Nf3 e5 12.Bxh7+ Kxh7 13.Qh4+ Kg8 14.Nxe5 Qe8 15.O-O Nf5
16.Qh5 Re7 17.Qf3 Rc7 18.Rae1 Be6 19.Nd3 Nd7 20.Nf4 Rc6 21.Nxe6 Rxe6 22.Qxd5 Nf8
23.Re5 g6 24.Rfe1 Ng7 25.Bf6 Qc6 26.Qxc6 Rxc6 27.Bxg7 Kxg7 28.d5 Rb6 29.h4 Rd8
30.g4 Rb2 31.R1e2 Nd7 32.Re7+ Kg8 33.g5 Ra2 34.h5 gxh5 35.f4 Rxa3 36.Re8+ Rxe8
37.Rxe8+ Kf7 38.Re3 Ra4 39.d6 Nb6 40.Re7+ Kg6 41.Re6+ Kg7 42.Re7+ Kg6 43.Rxb7 Rxf4
44.Rxa7 Kxg5 45.Rb7 Kf6 46.Rxb6 Ke6 47.Rc6 Rc4 48.Rc8 Rxc3 49.Rh8 Rxc2 50.Rxh5 Kxd6
51.Kf1 Kc6 52.Ke1 Kb5 53.Kd1 Rg2 54.Rh8 Kb4 55.Kc1 c4 56.Rh3 c3 57.Rh8 Kc4  1/2-1/2

[Event "Helsinki HSK op"]
[Site "Helsinki"]
[Date "1996.??.??"]
[Round "1"]
[White "Luukkonen, Tommi"]
[Black "Tolonen, Leo Toivovich"]
[Result "0-1"]
[WhiteElo "2100"]
[BlackElo "2335"]

1.e4 e6 2.d4 d5 3.Nc3 Bb4 4.e5 b6 5.a3 Bf8 6.Bb5+ c6 7.Ba4 Ba6 8.Nce2 Bb5
9.Bxb5 cxb5 10.f4 h5 11.Nf3 Ne7 12.Qd3 a6 13.O-O Nbc6 14.b3 Nf5 15.Bb2 Rc8
16.Rac1 Be7 17.Rfd1 O-O 18.g3 Qd7 19.h3 g6 20.g4 hxg4 21.hxg4 Nh6 22.Nh2 Kg7
23.c4 Na5 24.cxd5 Qxd5 25.b4 Nc4 26.Ba1 Rfd8 27.f5 Bg5 28.Rxc4 Rxc4 29.Qg3 Qe4
30.Kf2 exf5 31.d5 fxg4 32.Rd4 Qf5+ 33.Kg2 Qc2 34.Qf2 g3 35.Kxg3 Nf5+ 36.Kg2 Be3
37.e6 Bxf2 38.Rxc4+ Kf8  0-1